Loading...

Chilli - hot spice at is cooling phase

Bibliographic Details
Language:Undetermined
Subjects:
LEADER 00424nab a2200121Ia 4500
008 170811c99999999xx |||||||||||| ||und||
245 |a Chilli - hot spice at is cooling phase 
300 |a 41 
653 |a Indian chilli production 
773 |t Commodity India.Com   |g Vol. 12 No. 3 (March) 2012 
942 |c ART 
999 |c 177760  |d 177760 
952 |0 0  |1 0  |4 0  |7 0  |9 243608  |a LIB  |b LIB  |d 2017-08-13  |h Vol. 12 No. 3 (March) 2012  |r 2017-08-13  |w 2017-08-13  |y ART